A szegedi Felszabadulás Tsz. már négyezer holdon gazdálkodik ünnepi közgyűlésen vették fel az új belépőket a tsz-be
Elmentve itt :
| Dokumentumtípus: | Cikk |
|---|---|
| Megjelent: |
1960-02-02
|
| Sorozat: | Délmagyarország
50 No. 27 |
| Kulcsszavak: | Termelőszövetkezet Szeged 1960 |
| Online Access: | http://dmarchiv.bibl.u-szeged.hu/54375 |
| LEADER | 00518nab a2200145 i 4500 | ||
|---|---|---|---|
| 001 | delm54375 | ||
| 005 | 20180927141908.0 | ||
| 008 | 180927s1960 hu o 0|| hun d | ||
| 040 | |a SZTE Délmagyarország Archívum |b hun | ||
| 041 | |a hun | ||
| 245 | 0 | 2 | |a A szegedi Felszabadulás Tsz. már négyezer holdon gazdálkodik |h [elektronikus dokumentum] : |b ünnepi közgyűlésen vették fel az új belépőket a tsz-be |
| 260 | |c 1960-02-02 | ||
| 300 | |a 3 | ||
| 490 | 0 | |a Délmagyarország |v 50 No. 27 | |
| 695 | |a Termelőszövetkezet Szeged 1960 | ||